| 000 | 00385nam a2200145Ia 4500 | ||
|---|---|---|---|
| 008 | 240307s9999||||xx |||||||||||||| ||und|| | ||
| 020 | _a9789388756198 | ||
| 082 |
_a612 _bKri/P |
||
| 100 | _aAgrawal,Krishn Kumar | ||
| 245 | 0 | _aPractical Manual of Human Anatomy & Physiology-2 | |
| 250 | _a1st Edition | ||
| 260 |
_aAgra _bR.Narain Pub & Distributors |
||
| 300 | _a80p. | ||
| 942 | _cBK | ||
| 999 |
_c43320 _d43320 |
||